00446nam a2200157Ia 4500003000400000005001700004008004100021020001800062040000900080082001800089100002500107245008100132260004300213300000900256650002300265OSt20201014115030.0190216s9999||||xx |||||||||||||| ||und|| a9788178795980 coclc a613.71bSIN/P aSingh, Dhiraj Kumar  0aPrinciple And History Of Physical Education And Sports /cDhiraj Kumar Singh bSports Publication,c2010.aNew Delhi: a325p aPhysical Education